Movies Quiz

Random Movies or James Bond Quiz

Follow That Line - James Bond edition Quiz Stats

Quiz not verified by Sporcle

Challenge
Share
Tweet
Embed
Score 0/30 Timer 10:00
0 Plays Today
% Correct
That's because you know what I can do with my little finger...
89.2%
Japanese proverb say, 'Bird never make nest in bare tree.'
88.8%
Oh, I travel... a sort of licensed troubleshooter.
87.7%
Well, I'm an early riser myself.
86.9%
I discovered it had a crush on me.
86.2%
Day and night. Go on about the mechanism.
85.6%
...but wrong pussy.
85.4%
Not dead enough for me.
85%
Now there's a name to die for.
84.5%
I did. I thought one less bomb maker in the world would be a good thing.
84.4%
I never left.
83.2%
I fell out of an airplane without a parachute.
81.8%
Well I wouldn't be very good at my job if it did.
80.8%
No, but I know a little about women.
79.6%
Is that who it was? Well just goes to show, no one's indestructible.
78%
% Correct
Enjoying death. 007 reporting for duty.
76.8%
All there is.
76.5%
It usually is.
75%
The very words I live by.
73%
You know what they say about the fittest.
72.9%
I must be dreaming.
72.8%
World domination. The same old dream. Our asylums are full of people who think they're Naploeon. Or God.
69.7%
We're south of the border. It's a man's world.
68.8%
Well, thank you, sir. That's a great comfort.
67.6%
That's nothing compared to what a twenty megaton nuclear bomb can do!
67.4%
Designed by Q no doubt. One of them is a suicide pill I suppose?
63.9%
You sound like a commercial.
62.7%
Well, that depends on your definition of safe sex.
57.5%
Well, how about an earthquake?
56.8%
You must give me the name of your oculist.
56.1%

You're not logged in!

Compare scores with friends on all Sporcle quizzes.
Join for Free
OR
Log In

You Might Also Like...

Show Comments

Extras

Top Quizzes Today


Score Distribution

Your Account Isn't Verified!

In order to create a playlist on Sporcle, you need to verify the email address you used during registration. Go to your Sporcle Settings to finish the process.

Report this User

Report this user for behavior that violates our Community Guidelines.

Details: